000 003320000a22001450004500
020 _a84-7089-031-X
041 0 _aSPA
082 0 4 _aG 923 H5651d
100 1 _aHerrera, Antonio
245 1 0 _aUn domingo del viejo Samuel / Antonio Herrera
260 _aMadrid, EspaƱa : Irmayol
300 _a137 Pag
001 11480
942 _cBK
999 _c40769
_d40769